216 Logo Quiz - Statistics

General Stats
  • This quiz has been taken 20 times
  • The average score is 47 of 216
Answer Stats
Picture Answer % Correct
Chick-Fil-A
100%
7-Eleven
89%
Adidas
89%
Adobe
89%
Amazon
89%
Android
89%
Apple
89%
BBC
89%
BBC News
89%
Burger King
89%
Audi
78%
Candy Crush
78%
Canva
78%
Chevrolet
78%
Chrome
78%
Coca-Cola
78%
DELL
78%
Discord
78%
Domino's
78%
Dove
78%
Evian
78%
20th Century Fox
67%
Atari
67%
AT&T
67%
Blockbuster
67%
Converse
67%
Dolby
67%
Arm And Hammer
56%
Asics
56%
Chiquita
56%
Dodge
56%
Dole
56%
DOOM
56%
Facebook
56%
Fanta
56%
Acer
44%
A Clockwork Orange
44%
Barq's
44%
BBC Radio
44%
Cadbury
44%
CBS
44%
Cheerios
44%
Chevron
44%
Clorox
44%
CVS
44%
FILA
44%
Firefox
44%
Fortnite
44%
Gap
44%
Gatorade
44%
Google
44%
American Express
33%
AOL
33%
AOL Instant Messenger
33%
Bacardi
33%
Barclays
33%
Firestone
33%
Fruit Of The Loom
33%
Gucci
33%
BBC ONE
22%
BYU
22%
Creative Cloud
22%
Decathlon
22%
Gears Of war
22%
Goodyear
22%
Google Calendar
22%
Hardee's
22%
Harley Davidson
22%
HBO
22%
Heinz
22%
Hermes
22%
Hershey's
22%
Hilton
22%
Hoover
22%
Hulu
22%
IBM
22%
IKEA
22%
ING
22%
Intel
22%
iTunes
22%
JBL
22%
JetPunk
22%
Jif
22%
KFC
22%
Knorr
22%
Levi's
22%
Lexus
22%
LG
22%
LinkedIn
22%
L'Oreal
22%
Louis Vuitton
22%
Mastercard
22%
MG
22%
Microsoft
22%
Minecraft
22%
Monster
22%
Mortal Kombat
22%
Mr.Clean
22%
Agoda
11%
Burberry
11%
C2
11%
CBBC
11%
Dreamweaver
11%
Ericsson
11%
Five
11%
General Mills
11%
Gerber
11%
Half-Life
11%
Lindt
11%
Little Debbie
11%
Lululemon
11%
Marriott
11%
Motorola
11%
Mountain Dew
11%
MrBeast
11%
NBA
11%
NBC
11%
Ray-Ban
11%
SEAT
11%
X
11%
Airbus UK
0%
Bear Brand
0%
Behance
0%
Fastrack
0%
Fresco
0%
Genyo
0%
GMA
0%
Hackett
0%
HypeHype
0%
Illustrator
0%
Kraft Foods
0%
Logopedia
0%
Mark Daniel Garcia (unofficial company)
0%
Max
0%
Morton Salt
0%
Ms. Pacman
0%
MTV
0%
MTV Music
0%
Myspace
0%
Nerf
0%
Netflix
0%
Nickelodeon
0%
Nike
0%
Nikon
0%
Orbit
0%
Oreo
0%
Pac-Man
0%
Pampers
0%
Pepsi
0%
Peugeot
0%
P&G
0%
PH Airlines
0%
Pickup Coffee
0%
Pillsbury
0%
Pizza Hut
0%
Playboy
0%
Pringles
0%
PUMA
0%
Quaker Oats
0%
Rat And Boa
0%
Red Bull
0%
Reddit
0%
Reese's
0%
Roblox
0%
Rocket League
0%
Rockstar
0%
Rolls-Royce
0%
Ruffles
0%
SEGA
0%
Shakey's
0%
Skoda
0%
Skype
0%
Skyrim
0%
Snapchat
0%
Snickers
0%
Sprite
0%
Starbucks Coffee
0%
Subway
0%
Taco bell
0%
Target
0%
Tesco
0%
The guardian
0%
The Legends Of Zelda: Breath Of Wild
0%
The New York Times
0%
Tide
0%
Tiffany
0%
Tiktok
0%
Tim Hortons
0%
Tissot
0%
TiVo
0%
T-Mobile
0%
Tokopedia
0%
Tommy Hilfiger
0%
Toys R Us
0%
Tripadvisor
0%
Twinings
0%
Twix
0%
UFC
0%
Umbro
0%
Under Armour
0%
Verizon
0%
Virgin
0%
VISA
0%
Walkers
0%
Wall's
0%
Walmart
0%
Walt Disney
0%
Warner Bros.
0%
Windows
0%
WordPress
0%
XBOX
0%
Xerox
0%
Xilam
0%
YouTube
0%
Zest Restaurant
0%
ZTE
0%
No matching quizzes found
Score Distribution
Percent of People with Each Score
Percentile by Number Answered
Your Score History
You have not taken this quiz